00644nam a2200241 a 4500001001300000003000900013005001700022008004100039020001200080082001500092100001800107245003500125260002800160300000900188500003500197505001000232650001600242700001800258902000800276942000700284952009600291999001500387nice12345678IN_TiNIC20260116012729.0050524s1978 lona grp 000 0 eng  ac218.900a297.4bCOR aCorbin, Henry aMan of Light in Iranian Sufism aLondonbShambhalac1978 a174p aincludes index and biblioraphy2 aIndex aSufism-Iran1 aCorbin, Henry bSRS cBK 00104070aHMIbHMId2007-09-06g218.90l0o297.4 CORp013825r2007-09-06w2026-01-16yEB c8136d8136